000
00265nam a2200109Ia 4500
008
220714s9999 xx 000 0 und d
020
_a
0 624 03083 0
082
_a
AKF STOR
100
_a
No author, editors only
245
0
_a
STORIES SUID VAN DIE SON
942
_c
BK
_y
561
_z
John Tresidder
999
_c
691458
_d
691457